[Event "19th Delhi GM Open 2022"]
[Site "Delhi"]
[Date "2022.03.23"]
[Round "3.6"]
[White "Shahil, Dey"]
[Black "Mosadeghpour, Masoud"]
[Result "1-0"]
[WhiteElo "2400"]
[BlackElo "2511"]
[Annotator "TA"]
[PlyCount "117"]
[EventDate "2022.03.22"]
[EventType "swiss"]
[EventCountry "IND"]
[SourceTitle "playchess.com"]
[Source "ChessBase"]
[SourceQuality "1"]

{[%evp 17,117,31,32,28,20,27,44,7,6,-7,0,-7,0,-16,-10,-11,-15,-8,-9,-14,54,66,66,69,72,75,68,20,37,42,38,18,23,21,29,16,44,39,49,39,39,39,41,39,48,41,41,41,50,50,55,50,91,58,94,85,92,89,97,93,94,93,93,83,75,73,222,40,31,12,195,141,468,466,460,423,439,428,713,745,619,600,435,435,920,836,2373,2339,2373,2350,29965,29967,29965,29962,29965,29966,29957,5616,29965,29968,29972,29972]} 1. e4 c5 2. Nf3 d6 3. d4 cxd4 4. Nxd4 Nf6 5. Nc3 Nc6 6. Bg5 e6 7. Qd2 a6 8. O-O-O Bd7 {8...Bd7 scores better than 8...h6.} 9. f3 Be7 10. Nxc6 {B67: Sicilian: Richter-Rauzer: 7...a6 8 0-0-0 Bd7, lines without 9 f4 Be7.} Bxc6 11. Kb1 Qc7 12. Ne2 {[#] White is slightly better.} Rc8 $146 {[%cal Oc6e4]} (12... h6 $5 {[%cal Rh6g5]} 13. Bf4 e5 $11) ({Predecessor:} 12... b5 13. Nd4 Bd7 14. c3 Rb8 15. h4 h6 16. Be3 h5 17. Bg5 a5 18. Bd3 Qb6 {½-½ (44) Winkelman,A (2143)-Tabatabaei,M (2642) New Delhi 2019}) 13. Nd4 {[#]} Bxe4 $1 14. fxe4 Nxe4 15. Qe1 {And now Bxe7 would win.} Nxg5 16. h4 {[#]} e5 $1 {Hoping for ...Ne6.} 17. hxg5 {Threatens to win with Nf3.} exd4 18. Bd3 {Active counter play!} Kd8 (18... Qc5 $11) 19. Bf5 $14 Bxg5 20. Bxc8 Kxc8 21. Rxd4 Bf6 22. Rd3 (22. Rb4 $14) 22... Qb6 {[%csl Gf6][%cal Rb6b2]} 23. Rb3 {[%mdl 1024] White has compensation.} Qc6 24. Qf2 Re8 25. a3 h6 $1 26. Rd1 {[%cal Bh1d1,Bd1d3,Bd3b3,Bb3b4][%mdl 32]} Kc7 27. Rdd3 Kb8 28. Rb6 Re1+ $1 29. Qxe1 Qxb6 {[%csl Gf6][%cal Rb6b2][%mdl 4096] Endgame KQR-KQB} 30. Rb3 Qc6 31. Qe2 Be5 32. g4 f6 33. Qd3 d5 34. Rb4 d4 (34... Ka7 $14) 35. Qb3 Qd7 36. Qf3 Ka7 37. Qe4 Kb8 38. a4 {[%cal Ba3a4,Ba4a5][%mdl 32]} Ka7 39. a5 Kb8 40. Qd3 {Strongly threatening Qxa6.} Qc6 41. Qb3 g6 {[#]} (41... Ka7 $16 {is a better defense.}) 42. Qg8+ $2 (42. Rb6 $1 $18 {[%cal Rb6c6]} Qg2 43. Re6 Qf1+ 44. Ka2) 42... Ka7 43. Rc4 Qe4 {Black is on the road to losing.} (43... Qb5 $11) 44. Ka2 ({Better is} 44. Qd8 $18 {Rc8 would kill now.} Bb8 45. Qb6+ (45. Rxd4 Qe6 $16) 45... Ka8 46. Rxd4 Qe1+ 47. Ka2) 44... Qe1 $2 {[%mdl 8192]} (44... Qxg4 $2 45. Rc8 Qxc8 46. Qxc8 $18) (44... Bb8 $16) 45. Qd8 $18 ({Less strong is} 45. Qd5 Bb8 46. Qxd4+ (46. Rxd4 Bc7 $18) 46... Ka8 $18) 45... Bb8 46. Qxd4+ Ka8 47. Qd5 Qe5 (47... Qe7 $142 48. Rc8 Ka7 49. Qd4+ Ka8) 48. Qxe5 Bxe5 {KR-KB} 49. Rc8+ Ka7 50. Rg8 h5 (50... Bc7 $142 51. Rxg6 Bf4 52. Rxf6 Bg5) 51. Rxg6 hxg4 52. Rxg4 Bc7 53. b4 f5 54. Rg7 Bf4 55. Rf7 Bd2 56. Kb3 f4 57. Rf8 (57. c4 $142 Ka8 58. Rf8+ Ka7 59. c5 Be1 60. Rxf4 Bd2 61. Rf5 Kb8 62. Kc4) 57... Be3 58. c4 Bd2 59. Ka4 {Weighted Error Value: White=0.12 (very precise) /Black=0.61} 1-0

[Event "19th Delhi GM Open 2022"]
[Site "Delhi"]
[Date "2022.03.23"]
[Round "3.7"]
[White "Mitrabha, Guha"]
[Black "Gusain, Himal"]
[Result "1-0"]
[WhiteElo "2510"]
[BlackElo "2408"]
[Annotator "TA"]
[PlyCount "153"]
[EventDate "2022.03.22"]
[EventType "swiss"]
[EventCountry "IND"]
[SourceTitle "playchess.com"]
[Source "ChessBase"]
[SourceQuality "1"]

{[%evp 23,153,16,22,9,14,6,64,66,93,64,83,14,13,9,11,16,12,19,23,21,20,13,14,11,36,36,39,40,45,46,42,44,44,42,45,40,57,53,139,145,137,147,98,8,8,8,8,8,8,10,127,128,363,335,543,532,473,368,445,366,487,476,476,468,459,453,542,141,156,105,105,105,105,105,107,125,227,85,96,100,125,99,100,100,100,100,100,99,100,70,70,72,81,81,81,81,81,80,80,64,81,81,80,36,36,41,80,80,80,80,80,12,160,81,372,364,502,459,542,394,7789,7282,7402,6246,6574,5605,5263,4947,3141,1448,29985,29986]} 1. d4 d5 2. c4 e6 3. Nf3 Nf6 4. g3 Bb4+ 5. Nbd2 O-O 6. Bg2 b6 7. O-O Bb7 8. Ne5 Nbd7 9. Qa4 Bd6 10. Nxd7 Qxd7 11. Qxd7 Nxd7 12. cxd5 exd5 {[#]} 13. Nc4 $1 {E16: Queen's Indian: 4 g3 Bb7 5 Bg2 Bb4+.} Be7 (13... Bb4 14. Bf4) 14. Bf4 Bd8 (14... Rfe8 $11) 15. Rac1 $14 {White is slightly better.} Re8 {[#]} 16. Rfe1 $146 ({Predecessor:} 16. Bf3 g6 17. Rc2 Nf8 18. Ne5 Ne6 19. Be3 c5 20. dxc5 bxc5 21. Nd3 c4 22. Nb4 {0-1 (52) Nielsen,J (2220)-Holst,A (2270) Denmark 1992}) 16... g6 17. Bh3 Nf8 $11 18. Ne5 Ne6 19. Be3 c5 20. dxc5 bxc5 21. Bg2 Re7 {Prevents Nd7.} 22. Nd3 c4 23. Nc5 Nxc5 24. Bxc5 Re6 25. e3 {[%cal Be2e3,Be3d4][%mdl 32]} Bf6 26. b3 Rc8 27. Bxa7 Ra6 28. Bd4 Bxd4 29. exd4 {[%cal Oc1c4]} Rxa2 30. bxc4 Rd2 ({Better is} 30... Ra4 $14) 31. Re7 $1 $16 (31. Bxd5 Bxd5 32. cxd5 Rxc1 33. Rxc1 Rxd4 $14) (31. cxd5 $6 Rxc1 32. Rxc1 Rxd4 $11) 31... Ba8 32. Bh3 $1 $36 {[%mdl 2048] White has strong initiative.} f5 33. c5 (33. Bg2 $16) 33... Rxd4 $11 34. Bf1 {Threatens to win with Ba6.} Bc6 35. Ba6 Ra8 36. Rb1 Kf8 (36... Ra4 $11 37. Bb7 Ra1 $1 38. Rxa1 Rxa1+ 39. Kg2 Ra7) 37. Rxh7 $16 {White is much more active.} Kg8 $2 (37... Ra4 $16 38. Bb7 Ra1 39. Rxa1 (39. Bxc6 Rxb1+ 40. Kg2 Ra5 $17) 39... Rxa1+ 40. Kg2 Bxb7 41. Rxb7 Rc1) 38. Rc7 $18 Be8 (38... Ra4) 39. Bb7 Rd8 40. h4 Rc4 41. Bc8 Re4 {Prevents Be6+.} 42. h5 gxh5 43. Bxf5 Re5 44. Bh7+ Kf8 45. Bd3 $2 (45. Rbb7 $1 $18 {and the rest is easy.}) 45... Re7 $16 {[#] To avoid Rg7} 46. Rbb7 ({White should play} 46. Rxe7 $1 {Black must now prevent Rh7.} Kxe7 47. Re1+ Kf8 48. Kg2) 46... Rxc7 47. Rxc7 {[%mdl 4096] Endgame KRB-KRB} Ra8 48. Kg2 Ra3 49. Bf5 d4 (49... Rc3 $16 {might work better.} 50. Kf1 d4) 50. Rc8 (50. c6 $18 {is the precise move to win. Hoping for Rc8.} Rc3 51. Be4) 50... Ke7 51. c6 {[%cal Oc8e8]} Rc3 52. c7 {[%cal Oc8e8]} Bc6+ (52... Bd7 $2 53. Bxd7 Kxd7 54. Rd8+ Kxc7 55. Rxd4 $18) 53. Kh3 {Strongly threatening Rh8.} Kd6 (53... Bd7 54. Bxd7 Kxd7 55. Rd8+ Kxc7 56. Rxd4 $18) 54. Rd8+ Kxc7 55. Rxd4 Rf3 {[%csl LRf2,LRf5]} 56. Bg6 {aiming for Rc4.} Rxf2 57. Bxh5 Rf8 58. Kh4 Rd8 59. Rc4 {And now Bf3 would win.} Kd6 60. g4 Bd5 61. Ra4 Ra8 62. Rb4 ({Much worse is} 62. Rxa8 $6 Bxa8 63. Bg6 Ke7 $11) 62... Ke7 63. Rb5 (63. Kg5 $16) 63... Be6 $14 64. Rb7+ Kf6 65. g5+ Ke5 66. Rb5+ Kf4 {[#]} 67. g6 ({White should try} 67. Rb4+ $1 $16 Ke5 68. Bg4) 67... Ba2 (67... Ra1 $1 $11 68. Rb4+ Kf5) 68. Rb2 (68. Bg4 $142) 68... Ra4 $2 {[%mdl 8192]} (68... Bd5 $16) 69. Bg4 $18 Bd5 70. Rf2+ Ke5 71. Kg5 {Threatening mate with Rf5+.} Ra7 $2 (71... Bb3 72. Re2+ Kd6) 72. Re2+ Kd6 73. Kf6 Ra8 74. g7 {White threatens Rd2 and mate.} Ra7 75. Rd2 Kc6 76. Bh5 {White wants to mate with Be8+.} Rb7 77. Be8+ {Weighted Error Value: White=0.32/Black=0.28 (precise)} 1-0

[Event "19th Delhi GM Open 2022"]
[Site "Delhi"]
[Date "2022.03.23"]
[Round "3.8"]
[White "Poormosavi Seyed Kian"]
[Black "Fawzy, Adham"]
[Result "1-0"]
[WhiteElo "2229"]
[BlackElo "2490"]
[Annotator "TA"]
[PlyCount "95"]
[EventDate "2022.03.22"]
[EventType "swiss"]
[EventCountry "IND"]
[SourceTitle "playchess.com"]
[Source "ChessBase"]
[SourceQuality "1"]

{[%evp 10,95,27,27,27,28,28,21,22,25,27,24,24,24,29,29,20,6,59,61,59,64,60,27,54,33,49,49,56,53,78,50,61,16,20,17,17,0,52,53,113,53,52,27,52,58,71,61,60,45,91,114,120,110,109,95,112,107,114,62,126,131,143,133,147,135,120,124,131,118,342,296,342,306,595,589,737,717,737,635,4133,2497,1983,1573,693,683,29984,29985]} 1. e4 c5 2. Nf3 {[%cal Bg1f3,Bf3d4,Bd4b5][%mdl 32]} Nc6 3. d4 cxd4 4. Nxd4 e5 5. Nb5 d6 6. c4 g6 {Recently 6...Be6 got a lot of attention. B32: Sicilian: Löwenthal and Kalashnikov Variations.} 7. N1a3 Be6 8. Be2 a6 {The position is equal.} 9. Nc3 Bg7 10. Nc2 Nf6 11. O-O O-O 12. Be3 (12. Bg5 {with more complications.} Nd4 13. Nxd4 exd4 14. Nd5 Bxd5 15. cxd5 Rc8 16. Bd3) 12... Rc8 13. Qd2 {[#]} Nd4 $146 (13... Ne7 $11) ({Predecessor:} 13... Na5 14. b3 b5 15. Rfd1 bxc4 16. b4 Nc6 17. Qxd6 Nd4 18. Qxa6 {½-½ (35) Womacka,M (2436)-Halkias,S (2530) Germany 2020}) 14. Nxd4 $14 exd4 15. Bxd4 {Black must now prevent b3.} (15. Qxd4 Nd5 $1 16. Qd2 Nxe3 17. Qxe3 Bxc4 $15) 15... Bxc4 16. Rfd1 Re8 (16... Nxe4 $2 17. Nxe4 Bxd4 18. Qxd4 $18 (18. Bg4 f5 $14)) 17. Bf3 b5 18. b3 Be6 19. Qb2 Qe7 20. h3 Red8 21. Rac1 (21. Rd3 $14 {is superior.}) 21... Bh6 $11 22. Rc2 Nd7 23. Bg4 Bf4 (23... Bxg4 $11 24. hxg4 b4) 24. Bxe6 $14 Qxe6 ({Black should try} 24... fxe6 $14 25. Ne2 Bg5) 25. f3 (25. Nd5 $16 Be5 26. Rc7) 25... Nf6 26. Ne2 Be5 27. Rdc1 {[%cal Bd1c1,Bc1c2,Bc2c6][%mdl 32]} Rxc2 28. Rxc2 (28. Qxc2 d5 $11) 28... Nh5 29. Rc6 f5 (29... a5 $14 {is more appropriate.}) 30. Bxe5 $16 Qxe5 31. Qxe5 dxe5 {[#]} 32. exf5 $1 {[%mdl 4096] Endgame KRN-KRN} (32. Rxa6 Rd2 33. Kf1 fxe4 $14) 32... Rd2 33. Kf1 ({But not} 33. fxg6 $2 Rxe2 34. Rxa6 Nf4 $19) 33... gxf5 34. g4 ({White should play} 34. Rxa6 $16 {Threatens to win with Ra5.} Kf7 35. Ra5) 34... Ng7 (34... fxg4 $14 35. fxg4 (35. hxg4 Nf4 $16) 35... Nf4) 35. Rxa6 Kf7 36. Ng3 e4 37. gxf5 exf3 38. Ra7+ Kf8 {[#]} 39. f6 $1 Ne8 {This costs Black the game.} (39... Ne6 $16 {was worth a try.}) 40. Ne4 $18 ({Weaker is} 40. Rxh7 Nxf6 41. Rh4 Nd5 $14) 40... Rd5 41. Rxh7 Re5 $2 (41... Nd6 {keeps fighting.} 42. Nxd6 Rxd6) 42. Rh4 b4 43. Kf2 Ra5 44. Kxf3 Rxa2 45. Rh8+ Kf7 46. Rh7+ Kf8 47. f7 {Intending Ng5 and mate.} Ng7 48. Ng5 {Weighted Error Value: White=0.08 (flawless) /Black=0.51} 1-0

[Event "19th Delhi GM Open 2022"]
[Site "Delhi"]
[Date "2022.03.23"]
[Round "3.9"]
[White "Karthik Venkataraman"]
[Black "Liyanage, Ranindu Dilshan"]
[Result "1/2-1/2"]
[WhiteElo "2485"]
[BlackElo "2340"]
[Annotator "TA"]
[PlyCount "60"]
[EventDate "2022.03.22"]
[EventType "swiss"]
[EventCountry "IND"]
[SourceTitle "playchess.com"]
[Source "ChessBase"]
[SourceQuality "1"]

{[%evp 14,60,15,12,8,6,11,6,6,5,39,17,12,19,17,13,12,8,14,9,16,16,10,12,12,-24,-31,-31,-19,-41,20,8,24,22,33,0,0,0,0,0,0,0,0,0,0,-21,-29,-54,-39]} 1. e4 e6 2. d4 d5 3. Nd2 c5 4. Ngf3 cxd4 5. Nxd4 Nc6 6. Bb5 {[%cal Bf1b5,Bb5d3,Bd3e4][%mdl 32]} Bd7 7. Nxc6 bxc6 8. Bd3 Bd6 {C07: French Tarrasch: 3...c5, 4 Ngf3 and 4 exd5 Qxd5.} 9. Qe2 e5 {is now debated instead of 9...Ne7.} 10. exd5 cxd5 {The position is equal.} 11. c4 Nf6 {[%cal Bg8f6,Bf6d5,Bd5f4][%mdl 32]} 12. cxd5 Nxd5 13. Be4 Nf4 14. Qa6 Bc5 {[#] And now ...0-0 would win.} 15. O-O $1 Rb8 {...0-0 is the strong threat.} 16. Nb3 Bb6 17. Bxf4 exf4 18. Rad1 {[%cal Oe4c6] [#] Threatens to win with Bc6!} O-O {[%cal Od8f6]} 19. Qe2 {[#]} (19. Bxh7+ $5 Kxh7 20. Qd3+ Kg8 21. Qxd7 $11) 19... Re8 $146 ({Predecessor:} 19... g6 20. Qf3 Qc7 21. Nc1 Rfe8 22. Ne2 Bb5 23. Bd3 Bc6 24. Qxf4 Qb7 25. Qg4 Rbd8 {1-0 (60) Bivol,A (2392)-Kashlinskaya,A (2493) Ufa 2021}) 20. Qf3 {[%cal Oe4f5]} Qe7 21. Bd3 Ba4 ({Black should try} 21... Rbd8 $15) 22. Qxf4 $11 Bxb3 23. axb3 $40 {[%mdl 128] White mounts an attack.} Qe5 24. Qh4 g6 25. Bc4 {[%cal Oc4f7] Strongly threatening Bxf7+!} Rbd8 26. Rxd8 Rxd8 27. Qh6 {To avoid Rd2} Qxb2 28. Qf4 {Prevents Rd6.} Rd7 29. h4 Qd4 30. Qb8+ Kg7 {Weighted Error Value: White=0.07 (flawless) /Black=0.09 (flawless)} 1/2-1/2

[Event "19th Delhi GM Open 2022"]
[Site "Delhi"]
[Date "2022.03.23"]
[Round "3.10"]
[White "Mirzoev Azer"]
[Black "Srija, Seshadri"]
[Result "1-0"]
[WhiteElo "2476"]
[BlackElo "2219"]
[Annotator "TA"]
[PlyCount "67"]
[EventDate "2022.03.22"]
[EventType "swiss"]
[EventCountry "IND"]
[SourceTitle "playchess.com"]
[Source "ChessBase"]
[SourceQuality "1"]

{[%evp 10,67,4,3,19,11,12,6,38,9,24,12,27,17,29,18,45,50,140,98,146,95,135,134,129,104,100,99,152,127,143,132,133,102,116,104,144,123,272,241,314,300,320,182,175,133,156,156,161,141,148,152,188,202,371,375,635,600,533,516]} 1. d4 d5 2. Nf3 Nf6 3. c4 c6 4. Qc2 dxc4 5. Qxc4 Bg4 6. Nbd2 e6 {D23: Queen's Gambit Accepted: 3 Nf3 Nf6 sidelines.} 7. g3 Nbd7 8. Bg2 Bd6 {The position is equal.} 9. O-O O-O 10. Qb3 Rb8 11. Nc4 Bc7 12. Rd1 Qe7 13. Bd2 b6 (13... Rfe8 $14) 14. Rac1 {[#]} (14. Nfe5 $142 Nxe5 15. Nxe5 (15. dxe5 Nd7 $14) 15... Bxe5 16. dxe5) 14... Rfe8 $146 (14... c5 $142) ({Predecessor:} 14... Rfd8 15. Nce5 Bxf3 16. Nxf3 c5 17. Qa3 a5 18. Be3 Bd6 19. Qb3 h6 20. dxc5 Bxc5 {1-0 (75) Kunte,A (2505)-Erigaisi,A (2342) Ahmedabad 2017}) 15. Ne3 ({White should try} 15. Nfe5 Nxe5 16. Nxe5 (16. dxe5 Nd7 $16) 16... Bxe5 17. dxe5) 15... c5 16. Nxg4 Nxg4 17. Bg5 Ngf6 18. dxc5 Nxc5 (18... bxc5 $142 19. Qc2 Red8) 19. Qc4 e5 20. Nh4 {[#] Threatens to win with b4.} g6 21. Bh3 {And now b4 would win. A strong pair of Bishops.} Bd8 22. Nf3 Ne6 23. Bh6 Ng7 {A mistake that costs the game.} (23... b5 $16 {was called for.} 24. Qh4 e4) 24. Qb5 $18 Ra8 25. Rc6 {[%cal Oc6f6] [#] Hoping for Rxf6!} e4 26. Nd4 (26. Ng5 $142) 26... Qe5 27. Bf4 (27. Kg2 $18) 27... Qh5 28. Qxh5 {White is much more active. Black has bad knights.} Nfxh5 29. Bh6 $36 {[%mdl 2048] White is in control.} Be7 30. Nb5 f5 31. e3 Kf7 $2 (31... Bf8 32. Bf1 Ne6) 32. Bf1 Rec8 (32... Kg8 33. Rd7 a6) 33. Bc4+ Kf8 34. Nc7 {Weighted Error Value: White=0.15 (very precise) /Black=0.38} 1-0

[Event "19th Delhi GM Open 2022"]
[Site "Delhi"]
[Date "2022.03.23"]
[Round "3.11"]
[White "Ponkratov, Pavel"]
[Black "Aaryan Varshney"]
[Result "1-0"]
[WhiteElo "2641"]
[BlackElo "2277"]
[Annotator "TA"]
[PlyCount "151"]
[EventDate "2022.03.22"]
[EventType "swiss"]
[EventCountry "IND"]
[SourceTitle "playchess.com"]
[Source "ChessBase"]
[SourceQuality "1"]

{[%evp 11,150,-16,-16,-2,34,31,34,19,31,18,100,95,75,81,90,91,96,95,98,108,109,104,120,69,76,90,102,92,104,75,87,94,85,86,92,86,112,102,113,107,100,91,116,-184,-181,-197,-186,-189,-190,-203,-147,-137,-132,-149,-149,-146,-140,-183,-183,-165,-83,-185,-182,-160,-160,-160,-160,-271,-161,-170,-170,-233,-226,-238,-217,-214,-197,-187,-174,-172,-169,-462,-460,-504,-529,-481,-476,-521,-510,-590,-568,-576,-575,-622,-591,-536,-484,-416,216,202,922,947,10737,675,668,652,668,668,651,646,654,620,586,565,875,863,879,858,1025,974,7102,6629,5193,808,767,743,29979,29980,29980,29981,29984,29985,29978,29979,29991,29992,29996,29997,29997,29998,29999]} 1. Nf3 Nf6 2. c4 e6 3. g3 d5 4. Bg2 Be7 5. O-O O-O 6. cxd5 exd5 7. Qc2 {A14: English Opening: 1...e6 with b3 by White.} c5 8. d4 Nc6 9. dxc5 {White is slightly better.} Ne4 10. Nc3 Nxc5 (10... Bf5 $1 $11) 11. Rd1 d4 {White must now prevent ...Nb4.} 12. Nb5 {[%cal Rb5d4] [#]} d3 $146 ({Predecessor:} 12... Ne6 13. e3 Bf6 14. Nbxd4 Nexd4 15. exd4 Bg4 16. Be3 Qa5 17. h3 Bf5 18. Qb3 Be4 {1-0 (62) Galliamova,A-Belakovskaia,A Kramatorsk 1989}) 13. exd3 Bf5 14. Be3 Nb4 15. Qd2 Nd5 16. Ne5 Re8 17. d4 (17. Nc3 $16 Nxc3 18. Qxc3 (18. bxc3 Qc7 $16)) 17... Ne4 $14 18. Qe2 Nef6 19. Nc3 {[%cal Oe5f7]} Be6 20. Qb5 Rb8 21. Bg5 a6 22. Qd3 {White is much more active.} h6 23. Bxf6 Bxf6 24. Ne4 Be7 25. Nc5 Bxc5 26. dxc5 {[%cal Rg2d5]} Qc7 {[%csl LRc5,LRe5]} 27. Nxf7 {[%mdl 8192]} Qxf7 $19 28. a3 (28. Bxd5 $2 Bxd5 29. Rac1 (29. Qxd5 $2 Re1+ 30. Rxe1 Qxd5 $19) 29... Bxa2 $19) 28... Nf6 29. b4 Bb3 30. Rd2 Rbd8 31. Qxd8 Rxd8 32. Rxd8+ Kh7 33. Re1 {Prevents Qe7.} Bd5 $1 34. Bf1 (34. Bxd5 $17 Nxd5 35. Rde8) 34... Be4 $1 {[%cal Of6g4]} 35. Rd4 {[#]} Bf5 (35... Ng4 $1 $19 {[%csl Gg4][%cal Rf7f2]} 36. Re2 Bc6 $1) 36. Bg2 (36. Bc4 $17 Qc7 37. Rd6) 36... Qa2 37. Bxb7 Qxa3 38. Rf4 Bh3 39. Rc4 (39. Rd1 $17) 39... Qa2 (39... Ng4 $142 {[%cal Og4e5] aiming for ...Ne5!} 40. Rd4 (40. Be4+ $2 g6 $19) 40... Ne5 $1 {[%mdl 512]} 41. Be4+ g6) 40. Rec1 Qd2 41. Bf3 {[#]} (41. Bh1 $142) 41... Ng4 $1 {[%mdl 512]} 42. Be4+ (42. R4c2 Qd3) 42... g6 $1 43. R4c2 Qxb4 44. Re2 Ne5 45. c6 Qa3 46. Rb1 (46. Rec2) 46... h5 47. c7 Nf3+ 48. Kh1 {[#]} Ng5 $1 49. Bb7 Qc5 (49... Qd3 50. Ree1 $17) 50. Rbe1 Kh6 51. f4 {And now Re5 would win.} Nh7 52. Re7 Nf6 {Hoping for ...Ng4.} 53. Bg2 Bf5 (53... Bxg2+ 54. Kxg2 a5 55. R1e5 Qc2+ 56. Kh3 $19) 54. h3 Nd7 $4 {[%mdl 8192] [#]} (54... Qc4 $19 {and life is good for Black.} 55. Kh2 Nd5) 55. Rf7 $1 $18 {Threatens to win with Re8. Chess con chili.} Nf8 $2 ({Weaker is} 55... Qxc7 56. Ree7 Qc1+ 57. Kh2 $16) (55... Nf6) 56. Re8 Nh7 57. c8=Q ({Less strong is} 57. Rxf5 Qxc7 58. Re6 h4 $16) (57. Rh8 $142 Qc1+ 58. Kh2) 57... Qxc8 58. Rxc8 Bxc8 {[%mdl 4096] Endgame KRB-KBN} 59. Kh2 Be6 60. Ra7 Bc4 61. Bb7 Nf6 62. Bxa6 Bd5 63. Bd3 Bg8 64. Kg2 Bd5+ 65. Kf2 Bg8 66. Ke3 {White threatens Kd4 and mate.} Nd5+ 67. Ke4 (67. Kd4 $142 Be6 68. Ra6) 67... Nb4 68. Bb5 {Strongly threatening g4.} Nd5 69. Ke5 {White mates.} Nc3 70. Bd3 Nd5 71. g4 hxg4 72. hxg4 {[%cal Bh3g4,Bg4g5][%mdl 32]} Nb4 73. Be4 Na2 74. Bf3 {[%csl Gf4][%cal Rg4g5]} g5 75. Kf6 {[%csl Gf6][%cal Rf4g5]} gxf4 76. g5# {Weighted Error Value: White=0.34/Black=0.21 (precise)} 1-0

[Event "19th Delhi GM Open 2022"]
[Site "Delhi"]
[Date "2022.03.23"]
[Round "3.12"]
[White "Rohith Krishna S"]
[Black "Gupta, Abhijeet"]
[Result "1-0"]
[WhiteElo "2304"]
[BlackElo "2628"]
[Annotator "TA"]
[PlyCount "137"]
[EventDate "2022.03.22"]
[EventType "swiss"]
[EventCountry "IND"]
[SourceTitle "playchess.com"]
[Source "ChessBase"]
[SourceQuality "1"]

{[%evp 11,137,1,-13,2,-4,-13,48,45,39,35,30,50,26,10,10,21,7,10,3,6,10,7,3,13,13,-5,5,4,6,5,26,24,26,23,28,29,14,32,60,80,68,4,9,10,36,33,35,16,16,24,27,0,14,24,17,0,0,0,5,2,4,5,8,0,0,0,0,0,8,0,0,-10,0,-8,-8,-13,-8,-77,0,0,0,0,0,0,0,0,10,0,0,0,0,0,0,0,0,0,0,0,8,8,665,652,649,634,639,632,628,610,1150,1100,1056,689,483,1214,29974,29975,29975,29976,29975,0,4134,0,29976,29977,29975,29974,4627,4627]} 1. d4 Nf6 2. c4 g6 3. Nc3 d5 4. Nf3 Bg7 5. cxd5 Nxd5 6. Bd2 c5 7. Nxd5 $1 {[%mdl 4] is now more promising than 7.Rc1. D90: Grünfeld: 4 Nf3 Bg7 sidelines.} Qxd5 8. Rc1 {[#]} Na6 $146 (8... b6 $11) ({Predecessor:} 8... O-O 9. Rxc5 Qxa2 10. e3 Be6 11. Ng5 Nd7 12. Ra5 Qb3 13. Qxb3 Bxb3 14. Rb5 Ba4 15. Rxb7 {1-0 (57) Korobov,A (2683)-Mikhalevski,V (2581) Chess.com INT 2021}) 9. e3 $14 {White is slightly better.} cxd4 10. Bc4 (10. Nxd4 O-O $11) 10... Qd6 11. Nxd4 O-O 12. Bc3 Bd7 13. O-O Rac8 14. Qe2 Nc5 {[%cal Ba6c5,Bc5a4,Ba4b6][%mdl 32]} 15. Rfd1 {[%cal Od4f5] aiming for Nf5!} Qb6 16. Qe1 Na4 {[%csl LRb2,LRc4]} 17. Ba5 Qf6 ({Resist} 17... Qxb2 18. Rc2 $16) 18. Qe2 Qg5 19. Bb4 {And now Nf3 would win.} Nb6 20. Nf3 Qh5 21. Bxe7 Rfe8 22. Ba3 Rxc4 23. Rxc4 Bb5 {[%mdl 64] Pin. A strong pair of Bishops.} 24. b3 Bxc4 25. bxc4 Qa5 26. Bd6 (26. Qd3 $1 $14) 26... Qa6 27. Bc5 Qxc4 (27... Nxc4 {is more complex.} 28. Bxa7 Ra8 29. Bc5 h6 30. Kf1 b6) 28. Qxc4 Nxc4 29. Bxa7 Ra8 30. Bc5 Bf6 {Inhibits Be7.} 31. a3 Nxa3 32. g4 Nc4 33. Kg2 b6 34. Rc1 Ra4 35. Bd4 Bxd4 36. Nxd4 $11 {[%mdl 4096] Endgame KRN-KRN} Kf8 37. Kf3 Ke7 38. Ke4 Kd6 39. h3 Rb4 40. f4 Kc5 41. h4 b5 42. h5 Ra4 43. hxg6 hxg6 {White must now prevent ...Ra3.} 44. f5 {[#]} (44. Nb3+ $11 {keeps the balance.} Kb6 45. Rc3 (45. Nd4 Ra8 $15)) 44... Ra3 (44... g5 $1 $17 {...Ra3 is the strong threat.} 45. Nf3 f6) 45. fxg6 fxg6 46. Kf4 Ra6 47. Rb1 Nd6 48. Nf3 b4 49. Ne5 Ra3 50. Nxg6 b3 51. Ne5 Ra4+ 52. Kg5 Ne4+ 53. Kf5 Nd2 54. Rd1 Ra2 55. g5 {[%cal Bg4g5,Bg5g6,Bg6g7][%mdl 32]} Kb4 $2 {[%mdl 8192]} (55... Kb5 $11) 56. g6 $18 {Hoping for g7.} Kc3 57. g7 ({And not} 57. Rc1+ Rc2 58. g7 Rxc1 $11) 57... Ra8 58. Rc1+ Kb4 59. Kg6 b2 60. Nd3+ Kb3 {[#]} 61. Nxb2 $1 {[%mdl 512]} Kxb2 {KRN-KR} (61... Nf3 62. Nc4) 62. Rh1 Kc3 63. Rh8 Ra6+ 64. Kf5 Ra5+ 65. Kg6 (65. Kf4 $142 Ra4+ 66. e4 Nxe4 67. Ke5 Nf2 68. g8=Q Nd3+ 69. Ke6 Rd4 70. Kf5) 65... Ra6+ 66. Kf5 (66. Kg5 $18 Ne4+ 67. Kf5 Ng3+ 68. Ke5) 66... Ra5+ 67. Kf4 Ra4+ 68. e4 {[%mdl 64] Promotion} Nxe4 69. Ke5 {Weighted Error Value: White=0.07 (flawless) /Black=0.22 (precise)} 1-0